Korešpondencia

Bibliographic Details
Main Authors: Štrpka, Ivan, 1944- (Author), Mojík, Ivan, 1928-2007 (Author)
Format: Article
Language:Slovak
ISSN:1335-1702
Subjects:

MARC

LEADER 00000nab a2200000 a 4500
001 vtls008620542
003 SK-MaSNL
005 20260303071908.0
008 140527c2005 xo mr|p|||||||000 b|slo
015 |a SNBRB2006/02  |2 snkbucl 
038 |a SNKBUCL 
040 |a SNKBUCL  |b slo  |c SNKBUCL  |e AACR2 
041 0 |a slo 
044 |a xo  |c SK 
080 |a 82:929:821.162.4  |2 1997 
080 |a 821.162.4:929  |2 1997 
080 |a 82:930.25  |2 1997 
080 |a 929 Laučík, Ivan  |2 1997 
100 1 |a Štrpka, Ivan,  |d 1944-  |4 aut  |9 101961 
245 1 0 |a Korešpondencia  |c Ivan Štrpka, Ivan Mojík 
600 1 7 |a Laučík, Ivan,  |d 1944-2004  |2 snkbucl  |9 98902 
650 0 7 |a korešpondencia  |2 snkbucl  |9 645 
700 1 |a Mojík, Ivan,  |d 1928-2007  |4 aut  |9 13383 
773 0 |t RAK  |g Roč. X, č. 9 (2005), s. 54-56  |x 1335-1702 
852 |a SNK  |b KIS3GCP 
958 |a LX 
958 |a BX 
999 |c 1761862  |d 1763792